do you know some fun facts about krew? By:Max - Statistics

General Stats
  • This quiz has been taken 12 times
  • The average score is 7 of 8
Answer Stats
Hint Answer % Correct
Draco real name Allen
100%
who the youngest Draco
100%
Funneh real name Kat
100%
Who usually say "Family" Lunar
100%
who is the oldest Rainbow
100%
rainbow real name Betty
90%
Their oldest dog Alven
60%
their cat name Kiaria
50%
No matching quizzes found
Score Distribution
Percent of People with Each Score
Percentile by Number Answered
Your Score History
You have not taken this quiz